|
|
|
|
| LEADER |
00000naa2a2200000 4500 |
| 001 |
385393 |
| 005 |
20231101063349.0 |
| 035 |
|
|
|a (RuTPU)RU\TPU\prd\13266
|
| 090 |
|
|
|a 385393
|
| 100 |
|
|
|a 20030430a2003 k y0rusy50 ca
|
| 101 |
0 |
|
|a rus
|
| 102 |
|
|
|a RU
|
| 200 |
1 |
|
|a Новая технология изготовления импрегнированных катодов
|f А. А. Лучин, А. А. Корнюхин, А. Л. Шапиро
|
| 225 |
1 |
|
|a Технологии изготовления материалов для катодной электроники
|
| 320 |
|
|
|a Библиогр.: 1 назв.
|
| 461 |
|
1 |
|0 (RuTPU)RU\TPU\prd\1139
|t Наукоемкие технологии
|o научно-технический журнал
|d 2001-
|
| 463 |
|
1 |
|0 (RuTPU)RU\TPU\prd\13055
|t № 2
|v С. 20-22
|d 2003
|
| 610 |
1 |
|
|a вольфрамовые матрицы
|
| 610 |
1 |
|
|a импрегнированные катоды
|
| 610 |
1 |
|
|a специальные пасты
|
| 610 |
1 |
|
|a технологии получения
|
| 610 |
1 |
|
|a метод Леви
|
| 610 |
1 |
|
|a метод плазменного напыления
|
| 675 |
|
|
|a 621.385.6
|v 3
|
| 675 |
|
|
|a 621.3.032.213
|v 3
|
| 700 |
|
1 |
|a Лучин
|b А. А.
|
| 701 |
|
1 |
|a Корнюхин
|b А. А.
|
| 701 |
|
1 |
|a Шапиро
|b А. Л.
|
| 801 |
|
1 |
|a RU
|b 63413507
|c 20030430
|g PSBO
|
| 801 |
|
2 |
|a RU
|b 63413507
|c 20060728
|g PSBO
|
| 942 |
|
|
|c BK
|